| 000 | 01509nam a22002777a 4500 | ||
|---|---|---|---|
| 001 | 8121 | ||
| 003 | FISKH | ||
| 005 | 20260323121652.0 | ||
| 008 | 250827b cb ||||| |||| 00| 0 eng d | ||
| 040 |
_aFISKH _bkhr _cFISKH _dFISKH |
||
| 050 | _aPZ7 | ||
| 082 | _a813 | ||
| 100 | _aMinistry of Education, Youth and Sport | ||
| 245 |
_aសៀវភៅថ្មីរបស់សូភី / _cក្រសួងអប់រំយុវជន និងកីឡា |
||
| 260 |
_aភ្នំពេញ : _bក្រសួងអប់រំយុវជន និងកីឡា, |
||
| 300 |
_a8 pages : _bcolor illustrations ; _c25 cm . |
||
| 505 | _aE | ||
| 520 | _aម្តាយរបស់សុភីមិនអាចទិញសៀវភៅថ្មីឲ្យនាងបានទេ។ ទោះយ៉ាងណា សុភីបានជួយម្ចាស់ហាងសៀវភៅរកកូនរបស់នាងឲ្យបាន។ ចុងក្រោយ នាងក៏បានសៀវភៅនោះជาកាដូរ ។ | ||
| 520 | _aSophy' mother cannot effort to buy new book for her. However, Sophy helped the bookstore owner to find her baby. Finally, she got the book as a gift | ||
| 521 | 8 |
_a160
_bLexile estimate |
|
| 521 | 8 |
_aE
_bRaz-Plus |
|
| 650 |
_aសៀវភៅថ្មីរបស់សូភី _vរឿងនិទានកុមារ |
||
| 650 |
_aSophy's new book _vChildren's stories |
||
| 942 |
_2ddc _cKHB _n0 |
||
| 999 |
_c8121 _d8121 |
||